|
|
|
|
| LEADER |
00000nam0a2200000 4500 |
| 001 |
151517 |
| 005 |
20231101221551.0 |
| 020 |
|
|
|a RU
|b 84-5041
|
| 035 |
|
|
|a (RuTPU)RU\TPU\book\164284
|
| 090 |
|
|
|a 151517
|
| 100 |
|
|
|a 20090123d1984 m y0rusy5003 ca
|
| 101 |
1 |
|
|a rus
|c bak
|
| 102 |
|
|
|a RU
|
| 105 |
|
|
|a a z 000ay
|
| 200 |
1 |
|
|a Куштиряк; Лихие времена
|e романы
|e пер. с башк.
|f А. Х. Хакимов
|g худож. Н. Короткин
|
| 210 |
|
|
|a Москва
|c Советский писатель
|d 1984
|
| 215 |
|
|
|a 496 с.
|c портр., ил.
|
| 606 |
1 |
|
|a Башкирская литература
|2 stltpush
|3 (RuTPU)RU\TPU\subj\28125
|9 51718
|
| 610 |
1 |
|
|a башкиры
|
| 610 |
1 |
|
|a Башкортостан
|
| 610 |
1 |
|
|a советская литература
|
| 610 |
1 |
|
|a романы
|
| 675 |
|
|
|a 894.343
|v 3
|
| 700 |
|
1 |
|a Хакимов
|b А. Х.
|g Ахияр Хасанович
|
| 702 |
|
1 |
|a Короткин
|b Н.
|4 440
|
| 801 |
|
0 |
|a RU
|b RuMRKP
|c 19950704
|g psbo
|
| 801 |
|
1 |
|a RU
|b 63413507
|c 20090123
|g PSBO
|
| 801 |
|
2 |
|a RU
|b 63413507
|c 20200528
|g PSBO
|
| 942 |
|
|
|c BK
|